000 01492cam a2200337 a 4500
001 13607400
003 ARRUPE
005 20131014120552.0
008 040527s2005 enkab b 001 0 eng
010 _a 2004051992
020 _a0521806623 (hardback)
020 _a0521001358 (pbk.)
040 _aDLC
_cDLC
_dDLC
043 _af------
050 0 0 _aDT16.5
_b.G66 2005
100 1 _aGomez, Michael Angelo,
_d1955-
_92501
245 1 0 _aReversing sail :
_ba history of the African diaspora /
_cMichael A. Gomez.
260 _aCambridge ;
_aNew York :
_bCambridge University Press,
_c2005.
300 _axii, 236 p. :
_bill., maps ;
_c24 cm.
440 0 _aNew approaches to African history
_92502
504 _aIncludes bibliographical references and index.
650 0 _aAfrican diaspora
_xHistory.
_92503
650 0 _aBlacks
_xHistory.
_92504
856 4 1 _3Table of contents
_uhttp://www.loc.gov/catdir/toc/cam051/2004051992.html
856 4 2 _3Publisher description
_uhttp://www.loc.gov/catdir/description/cam051/2004051992.html
856 4 2 _3Book review (H-Net)
_uhttp://www.h-net.org/review/hrev-a0f0f7-aa
856 4 2 _3Contributor biographical information
_uhttp://www.loc.gov/catdir/enhancements/fy0732/2004051992-b.html
906 _a7
_bcbc
_corignew
_d1
_eocip
_f20
_gy-gencatlg
942 _2lcc
_cMONOGRAPH
999 _c118342
_d118342